Schaum's outline of theory and problems of fluid mechanics and hydraulics / (Record no. 544941)
[ view plain ]
| 000 -LEADER | |
|---|---|
| fixed length control field | 00908fam a2200253 a 4500 |
| 020 ## - INTERNATIONAL STANDARD BOOK NUMBER | |
| International Standard Book Number | 0070233160 |
| 082 00 - DEWEY DECIMAL CLASSIFICATION NUMBER | |
| Classification number | 620.106 |
| Author Mark | GIL |
| -- | L-22, P-12 |
| 100 1# - MAIN ENTRY--PERSONAL NAME | |
| Personal name | Giles, Ranald V. |
| 9 (RLIN) | 38779 |
| 245 10 - TITLE STATEMENT | |
| Title | Schaum's outline of theory and problems of fluid mechanics and hydraulics / |
| Statement of responsibility, etc. | Ranald V. Giles, Jack B. Evett, Cheng Liu. |
| 250 ## - EDITION STATEMENT | |
| Edition statement | 3rd ed. |
| 260 ## - PUBLICATION, DISTRIBUTION, ETC. | |
| Place of publication, distribution, etc. | New York : |
| Name of publisher, distributor, etc. | McGraw-Hill, |
| Date of publication, distribution, etc. | c1994. |
| 300 ## - PHYSICAL DESCRIPTION | |
| Extent | xiii, 362 p. : |
| Other physical details | ill. ; |
| Dimensions | 28 cm. |
| 490 1# - SERIES STATEMENT | |
| Series statement | Schaum's outline series |
| 500 ## - GENERAL NOTE | |
| General note | Includes index. |
| 500 ## - GENERAL NOTE | |
| General note | Rev. ed. of: Schaum's outline of theory and problems of hydraulics and fluid mechanics. Ranald V. Giles. 2nd ed. 1956. |
| 526 ## - STUDY PROGRAM INFORMATION NOTE | |
| Program name | 0 |
| Interest level | 0 |
| Reading level | 0 |
| Title point value | 620_106000000000000_GIL |
| 650 #0 - SUBJECT ADDED ENTRY--TOPICAL TERM | |
| Topical term or geographic name entry element | Fluid mechanics. |
| 9 (RLIN) | 1678 |
| 650 #0 - SUBJECT ADDED ENTRY--TOPICAL TERM | |
| Topical term or geographic name entry element | Hydraulics. |
| 650 #0 - SUBJECT ADDED ENTRY--TOPICAL TERM | |
| Topical term or geographic name entry element | MCE |
| 9 (RLIN) | 379 |
| 700 1# - ADDED ENTRY--PERSONAL NAME | |
| Personal name | Evett, Jack B., |
| 9 (RLIN) | 38780 |
| 700 1# - ADDED ENTRY--PERSONAL NAME | |
| Personal name | Giles, Ranald V. |
| 9 (RLIN) | 38779 |
| 700 1# - ADDED ENTRY--PERSONAL NAME | |
| Personal name | Liu, Cheng, |
| 9 (RLIN) | 38781 |
| 942 ## - ADDED ENTRY ELEMENTS (KOHA) | |
| Source of classification or shelving scheme | |
| Koha item type | Book |
| Withdrawn status | Lost status | Source of classification or shelving scheme | Damaged status | Not for loan | Permanent Location | Current Location | Date acquired | Total Checkouts | Full call number | Barcode | Date last seen | Price effective from | Koha item type |
|---|---|---|---|---|---|---|---|---|---|---|---|---|---|
| Military College of Engineering (MCE) | Military College of Engineering (MCE) | 05/14/2014 | 620.106 GIL | MCE-33425 | 05/14/2014 | 05/14/2014 | Book |
